000
00234 a2200085 4500
999
_c
323005
_d
323005
001
87932
003
NUST
082
_a
050.9541 MOF
245
_a
foreign office Year Book 2006-07
_c
Ministry of Foreign Affairs
_h
English
942
_a
CAE NUST
_c
BK
_k
050.9541 MOF
_2
ddc